Monade 116 /

में बचाया:
ग्रंथसूची विवरण
मुख्य लेखक: Silverberg, Robert (लेखक)
अन्य लेखक: Rumignani, Pierantonio (अनुवादक)
स्वरूप: पुस्तक
भाषा:इतालवी
प्रकाशित: Milano : Delta, stampa 1974
श्रृंखला:Fantascienza, fantasia eroica ; 14
टैग: टैग जोड़ें
कोई टैग नहीं, इस रिकॉर्ड को टैग करने वाले पहले व्यक्ति बनें!

MARC

LEADER 00000nam a22000007i 4500
001 IT\ICCU\FER\0164961
003 ItRI
005 20250902172118.0
008 980224s1974 it |||||| ||||| |||||c
040 |b ita  |c ct 
041 7 |a ita  |2 ISO-639-2 
100 1 |a Silverberg, Robert  |0 IT\ICCU\CFIV\000482  |4 aut 
240 1 4 |a The world inside.  |9 Silverberg, Robert 
245 1 0 |a Monade 116 /  |c Robert Silverberg. 
260 |a Milano :  |b Delta,  |c stampa 1974 
300 |a 203 p. ;  |c 20 cm 
500 |a Trad. di Pierantonio Rumignani. 
700 1 |a Rumignani, Pierantonio  |0 IT\ICCU\SBLV\260834  |4 trl 
830 0 |a Fantascienza, fantasia eroica ;  |v 14  |0 IT\ICCU\SBL\0470555 
942 |2 ddc  |c BK 
952 |0 0  |1 0  |2 ddc  |4 0  |6 B_LNR02SILROMON11  |7 1  |9 5577  |a MI  |b MI  |d 1987-11-02  |i 655  |l 0  |o B-LNR02-SILRO-MON11  |p CDOM655  |r 2025-07-13 16:28:00  |w 2025-07-13  |x ACQUISTO  |y BK 
981 1 |6 z01  |a i   |b xxxe  
982 1 |6 z01  |a n 
999 |c 4449  |d 4449